| 000 | 00520nam a2200193Ia 4500 | ||
|---|---|---|---|
| 003 | OSt | ||
| 005 | 20250610111701.0 | ||
| 008 | 210210b1987 xxu||||| |||| 00| 0 eng d | ||
| 040 | _cAL | ||
| 041 | _aKannada | ||
| 082 | _aK894.3 SUDK | ||
| 100 |
_aSUDARSHANA DESAYI _dಸುದರ್ಶನ ದೇಸಾಯಿ _9213875 |
||
| 245 |
_aKelli _b ಕೆಲ್ಲಿ |
||
| 260 |
_aBengaluru _bBhagyalakshmi Prakashana _c1987 |
||
| 300 | _aiv,146 | ||
| 690 |
_aKannada Fiction _9213876 |
||
| 906 | _a040190 | ||
| 942 |
_2ddc _cBK |
||
| 999 |
_c89945 _d89945 |
||